[Event "FISU World University-ch 2020"]
[Site "Online"]
[Date "2020.10.26"]
[Round "9.29"]
[White "Ono, David"]
[Black "Lovo, Nicolas"]
[Result "0-1"]
[WhiteElo "2096"]
[BlackElo "1756"]
[Annotator "NA"]
[PlyCount "72"]
[EventDate "2020.10.26"]
[SourceTitle "playchess.com"]
[Source "ChessBase"]
[SourceQuality "1"]

1. c4 Nf6 2. Nf3 g6 3. Nc3 Bg7 4. g3 O-O 5. Bg2 c5 6. O-O d5 7. cxd5 Nxd5 8. Qb3 e6 9. d3 Nc6 10. Bd2 b6 11. Rad1 Bb7 12. Bg5 Qd7 13. Qc2 Rac8 14. Qd2 Nd4 15. e4 Nb4 16. h4 h5 17. Nxd4 Bxd4 18. Ne2 Bg7 19. a3 Nc6 20. Bh6 Rfd8 21. Bxg7 Kxg7 22. Kh2 Nd4 23. Nc1 Ba6 24. f4 c4 25. f5 exf5 26. exf5 Nxf5 27. Be4 Rc5 28. b4 Re5 29. Qc3 f6 30. Bxf5 Rxf5 31. dxc4 Qxd1 32. Rxd1 Rxd1 33. Qe3 Bxc4 34. Qe7+ Bf7 35. g4 hxg4 36. Qd7 Rxd7 0-1

[Event "FISU World University-ch 2020"]
[Site "Online"]
[Date "2020.10.26"]
[Round "9.29"]
[White "Anaya Lopez, Gonzalo Javier"]
[Black "Mejia Varela, Fernando Alexis"]
[Result "1-0"]
[WhiteElo "1984"]
[BlackElo "1614"]
[Annotator "NA"]
[PlyCount "135"]
[EventDate "2020.10.26"]
[SourceTitle "playchess.com"]
[Source "ChessBase"]
[SourceQuality "1"]

1. d4 Nf6 2. c4 e6 3. Nf3 b6 4. g3 Ba6 5. b3 Bb7 6. Bg2 Bb4+ 7. Bd2 Be7 8. O-O d5 9. Ne5 Nbd7 10. Bf4 Nxe5 11. Bxe5 c5 12. cxd5 Bxd5 13. Bxd5 Qxd5 14. Nc3 Qd7 15. dxc5 Qxd1 16. Rfxd1 Bxc5 17. Bxf6 gxf6 18. Ne4 Be7 19. Rac1 f5 20. Nd6+ Bxd6 21. Rxd6 Rd8 22. Rdc6 Ke7 23. Rc7+ Rd7 24. Kf1 Rhd8 25. Ke1 h5 26. R1c4 Rxc7 27. Rxc7+ Rd7 28. Rc8 Rd8 29. Rc4 Kf6 30. Rc7 a5 31. Rc6 Rb8 32. Kd2 Ke5 33. Rc7 Kf6 34. Kc3 b5 35. Ra7 b4+ 36. Kd2 Rd8+ 37. Ke3 Rd5 38. Rc7 Kg6 39. Rc4 Kf6 40. h4 e5 41. Rc6+ Kg7 42. Ra6 f6 43. f4 e4 44. Rc6 Kf7 45. Rc7+ Kg6 46. Rc8 Kf7 47. Rc4 Kg6 48. Rc7 Kh6 49. Rc2 Kg6 50. Rd2 Rc5 51. Kd4 Rc7 52. Rb2 Rc3 53. e3 Rd3+ 54. Kc5 Rxe3 55. Kb5 Rxg3 56. Kxa5 e3 57. Kxb4 Rf3 58. Kc3 Rf2 59. Rb1 Rxf4 60. b4 Rxh4 61. b5 Rh2 62. b6 e2 63. b7 Rh3+ 64. Kc4 Rh4+ 65. Kc5 Re4 66. b8=Q e1=Q 67. Rxe1 Rxe1 68. Qg3+ 1-0

[Event "FISU World University-ch 2020"]
[Site "Online"]
[Date "2020.10.26"]
[Round "9.29"]
[White "Garcia, Andrea Nicole"]
[Black "Flores, Fernando"]
[Result "1-0"]
[WhiteElo "1654"]
[BlackElo "1943"]
[Annotator "NA"]
[PlyCount "79"]
[EventDate "2020.10.26"]
[SourceTitle "playchess.com"]
[Source "ChessBase"]
[SourceQuality "1"]

1. e4 e6 2. d4 d5 3. Nd2 Nf6 4. e5 Nfd7 5. c3 c5 6. Bd3 Nc6 7. Ngf3 Qb6 8. O-O cxd4 9. cxd4 Nxd4 10. Nxd4 Qxd4 11. Nf3 Qb6 12. Qa4 a6 13. Qg4 Nc5 14. Bc2 Bd7 15. Ng5 g6 16. Qf3 O-O-O 17. Nxf7 Be7 18. Nxh8 Rxh8 19. b3 Rf8 20. Qg3 Bc6 21. Bg5 Bxg5 22. Qxg5 Nd7 23. Rac1 Qd4 24. Bb1 Nb6 25. Qe3 Qxe3 26. fxe3 Rxf1+ 27. Rxf1 Nd7 28. Rf7 Nxe5 29. Rxh7 Ng4 30. Bxg6 Nxe3 31. h4 d4 32. h5 Nxg2 33. h6 Nf4 34. Bc2 d3 35. Bd1 Be4 36. Rg7 Nh5 37. Re7 Nf6 38. Rxe6 Ng8 39. Re8+ Kd7 40. Rxg8 1-0

[Event "FISU World University-ch 2020"]
[Site "Online"]
[Date "2020.10.26"]
[Round "9.29"]
[White "Ramos Donaire, Maria Pradi"]
[Black "Flores, Carolina Del Milagro"]
[Result "1-0"]
[WhiteElo "1558"]
[BlackElo "1465"]
[Annotator "NA"]
[PlyCount "105"]
[EventDate "2020.10.26"]
[SourceTitle "playchess.com"]
[Source "ChessBase"]
[SourceQuality "1"]

1. e4 e5 2. Nf3 d6 3. d4 exd4 4. Nxd4 Nf6 5. Nc3 Be7 6. Be2 c5 7. Nf3 O-O 8. O-O Nc6 9. Bf4 a6 10. a4 Bg4 11. h3 Bxf3 12. Bxf3 Nd4 13. Be3 Nxf3+ 14. Qxf3 Re8 15. Rad1 Qc7 16. Bg5 h6 17. Bxf6 Bxf6 18. Nd5 Qd8 19. Nxf6+ Qxf6 20. Qxf6 gxf6 21. Rfe1 Rad8 22. f3 Kg7 23. Rd5 Re5 24. Red1 Rxd5 25. Rxd5 Kg6 26. Kf2 b5 27. axb5 axb5 28. b3 b4 29. Ke3 Re8 30. Rxd6 Kg7 31. Rd5 Kg6 32. Kd3 Rc8 33. Kc4 Re8 34. Rxc5 f5 35. Rxf5 f6 36. Rc5 Rd8 37. Rd5 Rb8 38. g4 Rc8+ 39. Rc5 Rd8 40. Kxb4 Rd2 41. h4 Rf2 42. h5+ Kg7 43. Rc3 Rd2 44. Rc7+ Kf8 45. Ka3 Ke8 46. b4 Rf2 47. Rc3 Kd7 48. b5 Rf1 49. Kb2 Rd1 50. Rd3+ Rxd3 51. cxd3 Kc7 52. Kc3 Kb6 53. Kc4 1-0

[Event "FISU World University-ch 2020"]
[Site "Online"]
[Date "2020.10.26"]
[Round "9.30"]
[White "Chen, Yiru"]
[Black "Kuruppu, Supun Dasantha"]
[Result "1/2-1/2"]
[WhiteElo "1828"]
[BlackElo "1826"]
[Annotator "NA"]
[PlyCount "128"]
[EventDate "2020.10.26"]
[SourceTitle "playchess.com"]
[Source "ChessBase"]
[SourceQuality "1"]

1. e4 c5 2. Nf3 Nc6 3. d4 cxd4 4. Nxd4 Qb6 5. c3 d6 6. Be2 Nf6 7. Qd3 e5 8. Nb3 Be6 9. Be3 Qc7 10. O-O Be7 11. c4 O-O 12. a3 Rac8 13. Nc3 Na5 14. Nxa5 Qxa5 15. b3 a6 16. Rfc1 Nd7 17. b4 Qd8 18. Nd5 Bxd5 19. cxd5 Nf6 20. h3 Qd7 21. f4 Rxc1+ 22. Rxc1 exf4 23. Bxf4 Rc8 24. Rc4 b5 25. Rxc8+ Qxc8 26. Kh2 Nd7 27. Qg3 Qc7 28. Qb3 Nb6 29. Be3 Nc4 30. Bd4 Nd2 31. Qg3 g6 32. Qf4 Qc2 33. e5 Nb3 34. e6 f5 35. Bf3 Nxd4 36. Qxd4 Qc1 37. Qd3 Bf6 38. g3 f4 39. g4 Qe1 40. Bg2 Be5 41. Qf3 Bd4 42. Qf1 Qe3 43. Bf3 Kf8 44. h4 h6 45. Qg2 Qxa3 46. g5 h5 47. Be4 Be5 48. Qf3 Qb2+ 49. Kh3 Qxb4 50. Bxg6 a5 51. Qxh5 Qc3+ 52. Kg4 Qg3+ 53. Kf5 Qd3+ 54. Kg4 Qg3+ 55. Kf5 Qh3+ 56. Ke4 Qe3+ 57. Kf5 Qd3+ 58. Kg4 Qg3+ 59. Kf5 Qh3+ 60. Ke4 Qe3+ 61. Kf5 Qd3+ 62. Kg4 Qg3+ 63. Kf5 Qd3+ 64. Kg4 Qg3+ 1/2-1/2

[Event "FISU World University-ch 2020"]
[Site "Online"]
[Date "2020.10.26"]
[Round "9.30"]
[White "Perera, Thilina"]
[Black "Wu, Yiquan"]
[Result "0-1"]
[WhiteElo "1434"]
[BlackElo "1550"]
[Annotator "NA"]
[PlyCount "102"]
[EventDate "2020.10.26"]
[SourceTitle "playchess.com"]
[Source "ChessBase"]
[SourceQuality "1"]

1. e4 e5 2. f4 exf4 3. Nf3 g5 4. Bc4 Nc6 5. O-O Bg7 6. d4 h6 7. h3 Nge7 8. Nc3 d6 9. a3 O-O 10. Ne2 d5 11. exd5 Nxd5 12. c3 Bf5 13. Kh1 Re8 14. Neg1 Ne3 15. Bxe3 Rxe3 16. Qd2 Qd6 17. b4 a6 18. a4 Rae8 19. b5 axb5 20. axb5 Ne7 21. Rad1 Nd5 22. Rc1 Nb6 23. Be2 c5 24. c4 Bxd4 25. Nxd4 Qxd4 26. Qxd4 cxd4 27. c5 d3 28. Bf3 d2 29. Rcd1 Re1 30. cxb6 Rxf1 31. Rxf1 Re1 32. Rf2 d1=Q 33. Bxd1 Rxd1 34. Re2 Be6 35. Rc2 Rd6 36. Nf3 Rxb6 37. Rc5 Bd7 38. Nd4 Rd6 39. Nc2 b6 40. Re5 f6 41. Re7 Bxb5 42. Kh2 Rd2 43. Nb4 Bf1 44. Kg1 Bxg2 45. h4 Bh3 46. hxg5 fxg5 47. Nc6 f3 48. Ne5 f2+ 49. Kh2 f1=Q+ 50. Kg3 Qf4+ 51. Kxh3 Rh2# 0-1

[Event "FISU World University-ch 2020"]
[Site "Online"]
[Date "2020.10.26"]
[Round "9.31"]
[White "Wu Yuxuan"]
[Black "Isakzhanov, Aibek"]
[Result "1-0"]
[WhiteElo "2152"]
[BlackElo "1801"]
[Annotator "NA"]
[PlyCount "45"]
[EventDate "2020.10.26"]
[SourceTitle "playchess.com"]
[Source "ChessBase"]
[SourceQuality "1"]

1. b3 e5 2. Bb2 Nc6 3. e3 d6 4. Nf3 Nf6 5. d4 exd4 6. Nxd4 Nxd4 7. Qxd4 Be7 8. Nd2 O-O 9. Bd3 c5 10. Qf4 d5 11. O-O-O Be6 12. c4 Qa5 13. Kb1 a6 14. g4 dxc4 15. Nxc4 Bxc4 16. bxc4 Rfe8 17. g5 Nh5 18. Bxh7+ Kxh7 19. Qxf7 Qc7 20. Qxh5+ Kg8 21. g6 Bf6 22. Qh7+ Kf8 23. Bxf6 1-0

[Event "FISU World University-ch 2020"]
[Site "Online"]
[Date "2020.10.26"]
[Round "9.32"]
[White "Palu, Andres"]
[Black "Alrehaili, Ahmed Abdullah S"]
[Result "1/2-1/2"]
[WhiteElo "2068"]
[BlackElo "1980"]
[Annotator "ChessBase"]
[PlyCount "130"]
[EventDate "2020.10.26"]
[SourceTitle "playchess.com"]
[Source "ChessBase"]
[SourceQuality "1"]

1. e4 e6 2. d4 d5 3. Nd2 Nf6 4. e5 Nfd7 5. Bd3 c5 6. c3 Nc6 7. Ne2 cxd4 8. cxd4 f6 9. exf6 Nxf6 10. O-O Bd6 11. Nf3 O-O 12. Ng3 e5 13. dxe5 Nxe5 14. Nxe5 Bxe5 15. Qb3 Rf7 16. Bg5 Qd6 17. Rad1 Be6 18. Bxf6 Bxf6 19. Bf5 Rd8 20. Ne4 Qe7 21. Bxe6 Qxe6 22. Rfe1 Qc6 23. Rc1 Qa6 24. Nc5 Qb6 25. Qxb6 axb6 26. Nd3 Bd4 27. Rc2 Kf8 28. g3 g5 29. Kg2 Rd6 30. f4 h6 31. Rc8+ Kg7 32. Ree8 Rc6 33. Rg8+ Kf6 34. Kf3 gxf4 35. Nxf4 Bxb2 36. Nxd5+ Ke5+ 37. Nf4 Bc1 38. Rce8+ Kd4 39. Re4+ Kc3 40. Rd8 Kb2 41. a4 Rc2 42. Rd6 Rxh2 43. Rxb6+ Ka3 44. Reb4 Rc2 45. Kg4 Rg7+ 46. Kf5 Rxg3 47. Rxb7 h5 48. a5 Rb2 49. Rxb2 Bxb2 50. a6 Rg8 51. Nd5 Bd4 52. Rh7 Re8 53. Nc7 Re5+ 54. Kf4 Ra5 55. Ke4 Bb6 56. Nd5 Rxa6 57. Rxh5 Ra4+ 58. Kd3 Bd4 59. Rh3 Kb2 60. Rh2+ Kb3 61. Rh1 Bb2 62. Ne3 Rd4+ 63. Ke2 Rd8 64. Rh7 Bc3 65. Rb7+ Bb4 1/2-1/2

[Event "FISU World University-ch 2020"]
[Site "Online"]
[Date "2020.10.26"]
[Round "9.32"]
[White "Khayat, Emad"]
[Black "A_____, E____________"]
[Result "0-1"]
[WhiteElo "1525"]
[BlackElo "1767"]
[Annotator "NA"]
[PlyCount "60"]
[EventDate "2020.10.26"]
[SourceTitle "playchess.com"]
[Source "ChessBase"]
[SourceQuality "1"]

1. d4 e6 2. Nf3 d5 3. g3 Nf6 4. Bg2 c5 5. O-O Nc6 6. c4 Be7 7. cxd5 exd5 8. dxc5 Bxc5 9. Qc2 Bb6 10. Nc3 O-O 11. Bg5 Be6 12. Rfd1 h6 13. Bxf6 Qxf6 14. a3 Rac8 15. e3 Rfd8 16. Rac1 d4 17. exd4 Nxd4 18. Nxd4 Bxd4 19. Bxb7 Rb8 20. Bg2 Bb3 21. Ne4 Qf5 22. Qd2 Bxd1 23. Rxd1 Bxf2+ 24. Nxf2 Rxd2 25. Rxd2 Qb1+ 26. Nd1 g6 27. h4 Qc1 28. Rd7 Rxb2 29. Kh2 Rxg2+ 30. Kxg2 Qc6+ 0-1

[Event "FISU World University-ch 2020"]
[Site "Online"]
[Date "2020.10.26"]
[Round "9.33"]
[White "Da Silva, Francisco Iran Santo"]
[Black "Heyworth, Nicholas"]
[Result "1-0"]
[WhiteElo "1825"]
[BlackElo "1752"]
[Annotator "NA"]
[PlyCount "73"]
[EventDate "2020.10.26"]
[SourceTitle "playchess.com"]
[Source "ChessBase"]
[SourceQuality "1"]

1. e4 c5 2. Nc3 d6 3. f4 g6 4. Bb5+ Bd7 5. Bc4 Bg7 6. Nf3 Nf6 7. d3 a6 8. O-O b5 9. Bb3 O-O 10. Qe1 b4 11. Nd1 Nc6 12. c3 Qc7 13. f5 gxf5 14. Qh4 fxe4 15. dxe4 Ne5 16. Nxe5 dxe5 17. Bh6 Bxh6 18. Qxh6 c4 19. Bc2 Kh8 20. Ne3 Rg8 21. Nd5 Nxd5 22. exd5 f5 23. Bxf5 Qc5+ 24. Kh1 Bxf5 25. Rxf5 Rg6 26. Rf8+ Rxf8 27. Qxf8+ Rg8 28. Qf7 bxc3 29. bxc3 e4 30. Qe6 e3 31. Re1 Rg6 32. Qe5+ Kg8 33. Rxe3 Rg7 34. Rf3 Qc8 35. Rf4 Qb7 36. Qe6+ Kh8 37. Rf8+ 1-0

[Event "FISU World University-ch 2020"]
[Site "Online"]
[Date "2020.10.26"]
[Round "9.33"]
[White "Sole, Michael D"]
[Black "Ikeda, Vinicius Yasuto"]
[Result "1-0"]
[WhiteElo "1805"]
[BlackElo "2004"]
[Annotator "NA"]
[PlyCount "117"]
[EventDate "2020.10.26"]
[SourceTitle "playchess.com"]
[Source "ChessBase"]
[SourceQuality "1"]

1. d4 Nf6 2. c4 g6 3. Nc3 d5 4. cxd5 Nxd5 5. e4 Nxc3 6. bxc3 Bg7 7. Nf3 O-O 8. Be2 c5 9. O-O Nc6 10. d5 Ne5 11. Nd2 Qa5 12. f4 Qxc3 13. Rb1 Nd7 14. Nc4 Qd4+ 15. Qxd4 Bxd4+ 16. Be3 Bxe3+ 17. Nxe3 Rd8 18. e5 b6 19. Rfd1 Bb7 20. Bf3 Rab8 21. Kf2 Nf8 22. a4 Bc8 23. g4 Bd7 24. Ra1 a6 25. f5 h6 26. e6 Be8 27. Nc4 Nh7 28. Ne5 g5 29. exf7+ Bxf7 30. Nc6 Kf8 31. Nxb8 Rxb8 32. d6 e6 33. Be4 Nf6 34. Bf3 exf5 35. gxf5 h5 36. Rab1 Nd7 37. Re1 b5 38. Bc6 Nf6 39. axb5 axb5 40. Rxb5 Ng4+ 41. Kg3 Rd8 42. d7 c4 43. Rc5 Nf6 44. Rd1 h4+ 45. Kf2 Ng4+ 46. Kg1 Ne3 47. Re1 Ng4 48. Rxc4 Nf6 49. Rc5 Nxd7 50. Ra5 Nf6 51. Ra8 Rxa8 52. Bxa8 Nh5 53. Kf2 Nf4 54. Be4 Kg7 55. Ke3 Kf6 56. Kd4 g4 57. Rf1 Kg5 58. Ke5 h3 59. Rxf4 1-0

[Event "FISU World University-ch 2020"]
[Site "Online"]
[Date "2020.10.26"]
[Round "9.35"]
[White "Dos Santos, Lucas Vinicius Monte"]
[Black "De Silva, Shelani"]
[Result "0-1"]
[WhiteElo "1938"]
[BlackElo "1511"]
[Annotator "NA"]
[PlyCount "120"]
[EventDate "2020.10.26"]
[SourceTitle "playchess.com"]
[Source "ChessBase"]
[SourceQuality "1"]

1. d4 Nf6 2. c4 e6 3. Nf3 d5 4. Nc3 Bb4 5. Bg5 O-O 6. a3 Bxc3+ 7. bxc3 Nbd7 8. e3 c5 9. cxd5 exd5 10. Bd3 Qa5 11. Qd2 c4 12. Bc2 Ne4 13. Bxe4 dxe4 14. Ne5 Nxe5 15. dxe5 Qxe5 16. Bf4 Qa5 17. Rd1 Be6 18. Bd6 Rfd8 19. Bb4 Qc7 20. Bd6 Qb6 21. O-O Rd7 22. Qd4 Rad8 23. Bc5 Rxd4 24. Bxb6 Rxd1 25. Bxd8 Rxd8 26. h3 h6 27. Rb1 b6 28. a4 Rd2 29. a5 bxa5 30. Ra1 Rc2 31. Ra3 Rb2 32. Rxa5 Rb3 33. Rxa7 Rxc3 34. Kh2 Rc1 35. Kg3 c3 36. Rc7 c2 37. Kf4 Bb3 38. Kxe4 Rd1 39. Rc8+ Kh7 40. g3 c1=Q 41. Rxc1 Rxc1 42. h4 Rf1 43. f4 Bc2+ 44. Kd4 Rg1 45. Kc3 Rxg3 46. Kxc2 Rxe3 47. Kd2 Re4 48. f5 Rxh4 49. f6 Rf4 50. fxg7 Kxg7 51. Ke3 Rf6 52. Ke4 h5 53. Ke5 h4 54. Ke4 h3 55. Ke5 h2 56. Ke4 h1=Q+ 57. Ke3 Qe1+ 58. Kd3 Rd6+ 59. Kc2 Qe3 60. Kb2 Rd2+ 0-1

[Event "FISU World University-ch 2020"]
[Site "Online"]
[Date "2020.10.26"]
[Round "9.35"]
[White "Assuncao, Darlane Brito"]
[Black "Gamage, Yasasmi Umarusiru"]
[Result "1-0"]
[WhiteElo "1705"]
[BlackElo "1271"]
[Annotator "NA"]
[PlyCount "71"]
[EventDate "2020.10.26"]
[SourceTitle "playchess.com"]
[Source "ChessBase"]
[SourceQuality "1"]

1. d4 e6 2. Nf3 c5 3. c3 Nc6 4. Bf4 Nf6 5. e3 Qb6 6. Qb3 Qd8 7. Bd3 d5 8. Qd1 Qb6 9. Qc1 Bd7 10. Nbd2 cxd4 11. exd4 Rc8 12. O-O Nb4 13. Bc2 Nxc2 14. Qxc2 Bd6 15. Bg3 Qc7 16. Rfe1 O-O 17. Qd1 Rfe8 18. Ne5 Bc6 19. Nxc6 Qxc6 20. Nf3 Bxg3 21. hxg3 Qb6 22. Ne5 Qxb2 23. Rb1 Qxc3 24. Rxb7 Rc7 25. Rb3 Qa5 26. Qb1 h6 27. f3 Qd2 28. Rd1 Qa5 29. Rb8 Rcc8 30. Rb7 Rc7 31. Rc1 Rec8 32. Rcxc7 Rxc7 33. Rb8+ Rc8 34. Rxc8+ Qd8 35. Rxd8+ Ne8 36. Rxe8# 1-0

[Event "FISU World University-ch 2020"]
[Site "Online"]
[Date "2020.10.26"]
[Round "9.35"]
[White "Herath, H M A Y"]
[Black "Muniz, Francisco Allysson d"]
[Result "0-1"]
[WhiteElo "1555"]
[BlackElo "2061"]
[Annotator "NA"]
[PlyCount "70"]
[EventDate "2020.10.26"]
[SourceTitle "playchess.com"]
[Source "ChessBase"]
[SourceQuality "1"]

1. e4 c5 2. c3 d6 3. d4 cxd4 4. cxd4 g6 5. Nf3 Bg7 6. Nc3 a6 7. a4 Nc6 8. Bc4 h6 9. O-O e6 10. Bf4 Nge7 11. Qd2 d5 12. exd5 exd5 13. Bb3 Bg4 14. Ne5 Be6 15. Rfe1 g5 16. Bg3 O-O 17. Rad1 Nf5 18. Ne2 Qb6 19. Qc3 Rac8 20. Nxc6 Rxc6 21. Qd3 Ne7 22. Be5 Bf5 23. Qf3 Be4 24. Qh3 g4 25. Qxg4 Rg6 26. Qh3 Bxg2 27. Qe3 Nf5 28. Qc3 Nh4 29. Rd3 Be4+ 30. Rg3 Nf3+ 31. Kf1 Nxh2+ 32. Kg1 Nf3+ 33. Kf1 Rxg3 34. fxg3 Bxe5 35. dxe5 Nh2# 0-1

[Event "FISU World University-ch 2020"]
[Site "Online"]
[Date "2020.10.26"]
[Round "9.35"]
[White "Gunarathna, Dilshan Akila"]
[Black "Araujo, Lucas Filipe Echer"]
[Result "0-1"]
[WhiteElo "1451"]
[BlackElo "1788"]
[Annotator "NA"]
[PlyCount "94"]
[EventDate "2020.10.26"]
[SourceTitle "playchess.com"]
[Source "ChessBase"]
[SourceQuality "1"]

1. e4 c5 2. Nf3 g6 3. Bc4 Bg7 4. d3 e6 5. a3 Ne7 6. Nc3 O-O 7. Bg5 Nbc6 8. Qd2 Nd4 9. Bh6 Nxc2+ 10. Qxc2 Bxh6 11. Ba2 b6 12. O-O Bb7 13. Ne2 d5 14. Ng3 dxe4 15. Nxe4 Bg7 16. Rad1 Nf5 17. h3 Nd4 18. Nxd4 Qxd4 19. b3 Rfd8 20. Bb1 f5 21. Ng5 Qf6 22. f4 h6 23. Nf3 Bxf3 24. Rxf3 Rd6 25. Kh1 Rad8 26. Re3 Qd4 27. Rf3 e5 28. fxe5 Bxe5 29. Qd2 Kg7 30. Qe2 Re8 31. Re3 Rde6 32. Re1 Kf6 33. Qf3 Qd6 34. g4 Bd4 35. Rxe6+ Rxe6 36. Rxe6+ Qxe6 37. Qd1 Qe3 38. Qf1 f4 39. Bc2 f3 40. Bd1 f2 41. Kg2 h5 42. gxh5 Qg5+ 43. Bg4 gxh5 44. b4 hxg4 45. h4 Qd5+ 46. Kg3 Qf3+ 47. Kh2 Be5# 0-1

[Event "FISU World University-ch 2020"]
[Site "Online"]
[Date "2020.10.26"]
[Round "9.37"]
[White "Porras Chavarria, Steve"]
[Black "Mendez Gonzalez, Jose Armando"]
[Result "1-0"]
[WhiteElo "1825"]
[BlackElo "1588"]
[Annotator "NA"]
[PlyCount "139"]
[EventDate "2020.10.26"]
[SourceTitle "playchess.com"]
[Source "ChessBase"]
[SourceQuality "1"]

1. e4 d6 2. d4 Nf6 3. Bd3 g6 4. Nf3 Bg7 5. O-O O-O 6. c3 Nbd7 7. Bf4 c5 8. Re1 Qb6 9. Qc1 Re8 10. Nbd2 cxd4 11. cxd4 e5 12. Nc4 Qc7 13. dxe5 dxe5 14. Bg3 Nh5 15. Ne3 Qxc1 16. Raxc1 Nxg3 17. hxg3 Nf6 18. Rc7 Be6 19. b3 b6 20. Rec1 Nd7 21. Ng5 Nc5 22. Nxe6 Rxe6 23. Bc4 Rd6 24. Bd5 Rad8 25. Rxa7 R6d7 26. Rxd7 Rxd7 27. b4 Nd3 28. Rc8+ Bf8 29. Ng4 Ra7 30. b5 Kg7 31. Bc4 Nb2 32. Bb3 f6 33. Ne3 Nd3 34. Kf1 Bc5 35. Ng4 h5 36. Rg8+ Kh7 37. Nxf6+ Kh6 38. f3 Nc1 39. f4 Nxb3 40. Rh8+ Kg7 41. Rh7+ Kxf6 42. Rxa7 exf4 43. axb3 fxg3 44. Ke2 Ke5 45. Kf3 h4 46. Rf7 Ke6 47. Rh7 g5 48. Kg4 Be3 49. Kf3 Bc5 50. Rg7 Kf6 51. Rg8 Bb4 52. Re8 Bc3 53. Rd8 Be5 54. Kg4 Bf4 55. Rd5 Ke6 56. Rf5 Be3 57. Kf3 Bd2 58. Rd5 Bf4 59. Rd8 Be5 60. Rg8 Kf6 61. Kg4 Bf4 62. Rf8+ Ke5 63. Re8+ Kf6 64. Rc8 Ke5 65. Kf3 Bd2 66. Rc6 Ba5 67. b4 Bxb4 68. Rxb6 Bc3 69. Rc6 Bd4 70. b6 1-0

[Event "FISU World University-ch 2020"]
[Site "Online"]
[Date "2020.10.26"]
[Round "9.37"]
[White "Tapia Alvarez, Alejandro"]
[Black "Chaves Williams, Jose Andres"]
[Result "0-1"]
[WhiteElo "1450"]
[BlackElo "1540"]
[Annotator "NA"]
[PlyCount "62"]
[EventDate "2020.10.26"]
[SourceTitle "playchess.com"]
[Source "ChessBase"]
[SourceQuality "1"]

1. Nf3 c5 2. g3 d5 3. Bg2 e6 4. O-O Nf6 5. d3 Bd6 6. Nbd2 O-O 7. e4 dxe4 8. Nxe4 Nxe4 9. dxe4 Nc6 10. Be3 Be7 11. Qxd8 Rxd8 12. Rfd1 Rxd1+ 13. Rxd1 Kf8 14. c4 b6 15. b3 Ke8 16. Kf1 Bb7 17. Ke2 f6 18. Nd2 e5 19. f4 Rd8 20. Nf3 exf4 21. Bxf4 Nb4 22. a3 Nc2 23. Nh4 Nd4+ 24. Ke1 g5 25. Nf5 Nxf5 26. exf5 Rxd1+ 27. Kxd1 Bxg2 28. Bb8 Bd8 29. Bxa7 Bc7 30. a4 Kd7 31. a5 Kc6 0-1

[Event "FISU World University-ch 2020"]
[Site "Online"]
[Date "2020.10.26"]
[Round "9.37"]
[White "Arguedas Bolanos, Sharline"]
[Black "Salas Estrada, Ana Maria"]
[Result "1/2-1/2"]
[WhiteElo "1319"]
[BlackElo "1270"]
[Annotator "NA"]
[PlyCount "136"]
[EventDate "2020.10.26"]
[SourceTitle "playchess.com"]
[Source "ChessBase"]
[SourceQuality "1"]

1. d4 c5 2. e3 g6 3. Nf3 cxd4 4. exd4 Bg7 5. b3 e6 6. Bb2 d5 7. Bd3 Nf6 8. O-O Nc6 9. a3 O-O 10. Nbd2 Qb6 11. Qe2 Re8 12. Rfe1 Nh5 13. Qe3 Bd7 14. Ne5 Nxe5 15. dxe5 Qxe3 16. Rxe3 Bh8 17. c4 Bc6 18. Rc1 Red8 19. Nf3 Nf4 20. Bf1 Rac8 21. g3 Nh5 22. Rec3 d4 23. Rd3 Bxf3 24. Rxf3 Bxe5 25. Rd1 Rc7 26. Rfd3 Rcd7 27. b4 Bg7 28. c5 e5 29. Bg2 f5 30. f3 Nf6 31. Re1 Nd5 32. Kf2 Kf7 33. Bc1 Nc3 34. Bg5 Re8 35. Rc1 e4 36. fxe4 Nxe4+ 37. Bxe4 fxe4 38. Rdd1 Bf6 39. Bf4 g5 40. Bd6 Be5 41. Bxe5 Rxe5 42. Rc4 Red5 43. Ke2 e3 44. Rd3 Ke6 45. Rc1 Ke5 46. Rf1 Rd8 47. Rf7 R5d7 48. Rf1 Ke4 49. Rf6 Ke5 50. Rf1 Ke6 51. Rfd1 Ke5 52. Rf1 Ke4 53. Rf6 Ke5 54. Rf1 Re8 55. Rf3 Kd5 56. Rf5+ Re5 57. Rf6 Re6 58. Rf5+ Re5 59. Rf6 Rde7 60. Rf8 Kc4 61. Rf1 Kd5 62. Rf8 Kc4 63. Rf1 Kd5 64. Rf8 Re8 65. Rf7 R5e7 66. Rf5+ Re5 67. Rf7 R8e7 68. Rf8 Kc4 1/2-1/2

[Event "FISU World University-ch 2020"]
[Site "Online"]
[Date "2020.10.26"]
[Round "9.37"]
[White "Castro Richard, Ixel"]
[Black "Rosales Gonzalez, Jessica"]
[Result "1-0"]
[WhiteElo "1216"]
[BlackElo "1313"]
[Annotator "NA"]
[PlyCount "115"]
[EventDate "2020.10.26"]
[SourceTitle "playchess.com"]
[Source "ChessBase"]
[SourceQuality "1"]

1. d4 d5 2. c4 e6 3. Nf3 Nf6 4. Bg5 Be7 5. Nc3 O-O 6. e3 b6 7. Bd3 Bb7 8. cxd5 exd5 9. O-O Nbd7 10. Rc1 h6 11. Bh4 c5 12. dxc5 bxc5 13. Bb1 Qb6 14. b3 Rfd8 15. Na4 Qe6 16. Re1 Rac8 17. Qd3 Kf8 18. Qf5 Qxf5 19. Bxf5 g5 20. Bg3 Nh5 21. Ne5 Nhf6 22. Nd3 Ne4 23. Ne5 Ke8 24. Nxd7 Rxd7 25. Bxd7+ Kxd7 26. Be5 Ke6 27. Bb2 f5 28. Red1 Bd6 29. f3 Nf6 30. h3 f4 31. exf4 gxf4 32. Re1+ Kf7 33. Kf2 d4 34. Rcd1 Nd5 35. Ba3 a5 36. Rc1 Nb4 37. Nb6 Nd3+ 38. Kf1 Rc7 39. Nc4 Bf8 40. Ne5+ Nxe5 41. Rxe5 Kf6 42. Ree1 Ba6+ 43. Kf2 Bd6 44. Bb2 Rb7 45. Bxd4+ cxd4 46. Rc6 Re7 47. Rxa6 Re6 48. Rxe6+ Kxe6 49. Ke2 Kd7 50. Rxa5 Bb4 51. Rd5+ Ke6 52. Rxd4 Bd6 53. a4 Be5 54. Re4 Kd5 55. a5 Bb8 56. a6 h5 57. Ra4 Kc6 58. a7 1-0